| 000 | 01083cam a22001934a 4500 | ||
|---|---|---|---|
| 005 | 20250605164221.0 | ||
| 008 | 250528s ||||||||||||||||||||||||d | ||
| 035 | _a20691 | ||
| 020 | _a1564143414 | ||
| 040 |
_aGR-AtMCL _bgre _dGR-AtMCL _eAACR2 |
||
| 245 | 1 | _aFinancial Statements / A Step-by-Step Guide to Understanding and Creating Financial Reports | |
| 260 |
_bCareer Press, _c1998 |
||
| 300 | _a224 | ||
| 520 | _aThis book is the perfect guide for every nonfinancial manager or entrepreneur who needs to know more about the flow of cash and product. Preface, Introduction, Financial Statements: Structure and Vocabulary, Twelve Basic Principles, The Balance Sheet, The Income Statement, Cash Flow Statement, Connections, Exploits of Apple Seed Enterprises, Startup Financing and Staffing, Staffing and Equipping Facility; Planning for Manufacturing Startup, Startup of Manufacturing Operations, Marketing and Selling, Administrative Tasks, Growth and Profit and Return, Index. | ||
| 700 | 1 |
_aIttelson Thomas R _96653 |
|
| 942 | _cBK | ||
| 999 |
_c5777 _d5777 |
||